Von König Charles III. "regierte" Länder - Statistiken

Allgemein
  • Dieses Quiz wurde 8.316 mal gespielt
    5.725 seit der letzten Aktualisierung
  • Das Durchschnittsergebnis liegt bei 8 aus 15
Antwortstatistiken
Land % Korrekt
Vereinigtes Königreich
95%
Australien
87%
Neuseeland
79%
Kanada
73%
St. Kitts und Nevis
45%
St. Lucia
45%
St. Vincent und die Grenadinen
45%
Antigua und Barbuda
44%
Bahamas
44%
Tuvalu
42%
Jamaika
41%
Grenada
39%
Salomonen
33%
Belize
28%
Papua-Neuguinea
22%
Keine übereinstimmenden Quizze gefunden
Verteilung der Resultate
Anzahl Personen mit jedem Resultat
Perzentil nach korrekt beantworteten Fragen
Ihre Resultats-Entwicklung
Sie haben dieses Quiz seit der letzten Aktualisierung nicht gespielt